00357 a2200121 4500020001800000082001300018100002000031245006900051260003100120300001100151650005400162700001900216 a9780470889398 a333.7932 a Momoh, James A aSmart grid : fundamentals of design and analysiscJames A. Momoh aNew YorkbJohn Wileyc2012 a216 p. aElectric power systems--Technological innovations aJames A. Momoh